1824 1103 1653 1318 1151 1787 1478 1473 1271 1775 1226 1581 1811 1187 1072 1019 1134 1584 1316 1037 1728 1604 1708 1651 1254 1903 1799 1861 1790 1538 1573 1758 1681 1493 1243 1465 1355 1176 1147 1040 1252 1882 1428 1662 1790 1080 1758 1068 1179 1436 1091 1392 1971 1509 1396 1518 1494 1701 1141 1140 1561 1292 1058 1758 1923 1659 1094 1460 1621 1182 1520 1666 1100 1936 1729 1172 1296 1609 1826 1592 1560 1763 1302 1719 1192 1941 1602 1726 1973 1944 1738 1991 1581 1389 1966 1155 1232 1179 1140 BCNSPRNW ULIB Ver.6.0+V

เปลี่ยนเป็นภาษาไทย

Change to English
 แสดงรายละเอียดบรรณานุกรม
  กลับหน้าหลัก

Brief Record : Get Marc (ISO 2709) : E-mail record : QR code < ปิดหน้าต่าง
LEADER : 00000nam 2200000uu 4500
001    13399129082
003     ULIB
008    250716s2567||||th 000 0 tha d
020    ^a9786166121834
060  4 ^aWT155^bอ114ก
100 0  ^aองค์อร ประจันเขตต์
245 1  ^aการจัดการพฤติกรรมต่อต้านการดูแลในผู้ที่มีภาวะสมองเสื่อม : ^bแนวปฏิบัติตามหลักฐานวิจัย = Effective approaches to care-resistant behaviors in dementia "a research based" practical guide^c/ องค์อร ประจันเขตต์.
246 3  ^aEffective Approaches to Care-Resistant Behaviors in Dementia : ^bA Research Based Practical Guide
260    ^aกรุงเทพฯ : ^bรักงานพิมพ์ 2017,^c2567.
300    ^a126 หน้า :^bภาพประกอบ.
505 0  ^aบทที่ 1 บทนำ: รู้จัก เข้าใจผู้ที่มีภาวะสมองเสื่อม -- บทที่ 2 พฤติกรรมต่อต้านการดูแล -- บทที่ 3 หลักและวิธีการดูแลผู้ที่มีภาวะสมองเสื่อมที่มีพฤติกรรมต่อต้านการดูแล -- บทที่ 4 การจัดการดูแลพฤติกรรมต่อต้านการรับประทานอาหารในผู้ที่มีภาวะสมองเสื่อม -- บทที่ 5 การจัดการดูแลพฤติกรรมต่อต้านการอาบน้ำและการทำความสะอาดช่องปากในผู้ที่มีภาวะสมองเสื่อม
505 0  ^aบทนำ: รู้จัก เข้าใจผู้ที่มีภาวะสมองเสื่อม -- พฤติกรรมต่อต้านการดูแล -- หลักและวิธีการดูแลผู้ที่มีภาวะสมองเสื่อมที่มีพฤติกรรมต่อต้านการดูแล -- การจัดการดูแลพฤติกรรมต่อต้านการรับประทานอาหารในผู้ที่มีภาวะสมองเสื่อม -- การจัดการดูแลพฤติกรรมต่อต้านการอาบน้ำและการทำความสะอาดช่องปากในผู้ที่มีภาวะสมองเสื่อม.
505 2  ^a^tบทที่ 1 บทนำ: รู้จัก เข้าใจผู้ที่มีภาวะสมองเสื่อม -- บทที่ 2 พฤติกรรมต่อต้านการดูแล -- บทที่ 3 หลักและวิธีการดูแลผู้ที่มีภาวะสมองเสื่อมที่มีพฤติกรรมต่อต้านการดูแล -- บทที่ 4 การจัดการดูแลพฤติกรรมต่อต้านการรับประทานอาหารในผู้ที่มีภาวะสมองเสื่อม -- บทที่ 5 การจัดการดูแลพฤติกรรมต่อต้านการอาบน้ำและการทำความสะอาดช่องปากในผู้ที่มีภาวะสมองเสื่อม.
650  4 ^aภาวะสมองเสื่อม
650  4 ^aภาวะสมองเสื่อม^xผู้ป่วย^xการดูแล
650  4 ^aโรคอัลไซเมอร์^xผู้ป่วย^xการดูแล.
650  7 ^aภาวะสมองเสื่อม^xการดูแลผู้ป่วย
650  7 ^aภาวะสมองเสื่อม^xการดูแลและสุขวิทยา
650  7 ^aโรคอัลไซเมอร์
650  7 ^aโรคอัลไซเมอร์^xการดูแลผู้ป่วย
650  7 ^aโรคอัลไซเมอร์^xการดูแลและสุขวิทยา
655  4 ^aHealth Sciences Branch.
945    ^p240^l0^i011792
945    ^p240^l0^i011793
945    ^p240^l0^i011794
945    ^p240^l0^i011795
945    ^p240^l0^i011796
999    ^aประนอม เกษจรัล
รายการนี้ยังไม่มีแท็ก
คุณยังไม่ได้ล็อกอิน คุณสามารถมีกิจกรรมร่วมกับเว็บไซต์ได้ แต่ต้องล็อกอินก่อน ::
  ล็อกอิน

รายการสื่อสารสนเทศ

ลำดับที่ ประเภท เลขเรียก/บาร์โค้ด สถานที่ สถานะ
1. วิทยาศาสตร์การแพทย์ และสุขภาพ
หนังสือสำรอง
สถานะ=หนังสือสำรอง
WT155 อ114ก ฉ.1 
  Barcode: 011792
ห้องสมุดวิทยาเขตสวรรค์ประชารักษ์
►หนังสือทั่วไป
บนชั้น
2. วิทยาศาสตร์การแพทย์ และสุขภาพ
วิทยาศาสตร์การแพทย์ และสุขภาพ
WT155 อ114ก ฉ.2 
  Barcode: 011793
ห้องสมุดวิทยาเขตสวรรค์ประชารักษ์
►หนังสือทั่วไป
ถูกยืม กำหนดส่งวันที่ 31 พฤษภาคม 2569
  จอง
3. วิทยาศาสตร์การแพทย์ และสุขภาพ
วิทยาศาสตร์การแพทย์ และสุขภาพ
WT155 อ114ก ฉ.3 
  Barcode: 011794
ห้องสมุดวิทยาเขตสวรรค์ประชารักษ์
►หนังสือทั่วไป
บนชั้น
4. วิทยาศาสตร์การแพทย์ และสุขภาพ
วิทยาศาสตร์การแพทย์ และสุขภาพ
WT155 อ114ก ฉ.4 
  Barcode: 011795
ห้องสมุดวิทยาเขตสวรรค์ประชารักษ์
►หนังสือทั่วไป
บนชั้น
5. วิทยาศาสตร์การแพทย์ และสุขภาพ
วิทยาศาสตร์การแพทย์ และสุขภาพ
WT155 อ114ก ฉ.5 
  Barcode: 011796
ห้องสมุดวิทยาเขตสวรรค์ประชารักษ์
►หนังสือทั่วไป
บนชั้น

รายการใกล้เคียง
    หัวเรื่อง [ภาวะสมองเสื่อม]
    หัวเรื่อง [โรคอัลไซเมอร์]

BibComment


ยังไม่เคยถูกคอมเมนท์

คอมเมนท์ทรัพยากรรายการนี้
  คอมเมนท์: การจัดการพฤติกรร..


 Copyright 2026. Bcnsprnw @Library